BLACKPINK SONGS - Statystyki

Ogólne statystyki
  • Ten quiz został rozwiązany 7 razy
  • Średni wynik to 16 z 39
Statystyki odpowiedzi
Odpowiedź % Poprawnych
go
100%
kill this love
100%
champion
67%
ddududdudu
67%
ice cream ( with Selena Gomez )
67%
jump
67%
pink venom
67%
as if its your last
50%
how you like that
50%
kiss and make up ( with Dua Lipa )
50%
me and my
50%
pretty savage
50%
see u later
50%
shut down
50%
sour candy ( with Lady Gaga )
50%
bet you wanna ( with Cardi B )
33%
crazy over you
33%
forever young
33%
fxxxboy
33%
hard to love
33%
kick it
33%
lovesick girls
33%
love to hate me
33%
ready for love
33%
really
33%
stay
33%
tally
33%
the girls
33%
the happiest girl
33%
typa girl
33%
yeah yeah yeah
33%
you never know
33%
boombayah
17%
dont know what to do
17%
hope not
17%
playing with fire
17%
whistle
17%
bet you wanna ( with Cardi B )
0%
ice cream ( with Selena Gomez )
0%
Nie znaleziono quizów pasujących do podanych kryteriów
Rozkład punktacji
Procent ludzi z każdym wynikiem
Percentyl według liczby udzielonych odpowiedzi
Twoja historia wyników
Nie rozwiązałeś tego quizu